[Event "2nd Sharjah Masters 2018"]
[Site "Sharjah"]
[Date "2018.04.19"]
[Round "9"]
[White "Sethuraman, S.P."]
[Black "Inarkiev, Ernesto"]
[Result "1/2-1/2"]
[WhiteElo "2631"]
[BlackElo "2680"]
[Annotator "TA"]
[PlyCount "164"]
[EventDate "2018.??.??"]
[EventType "swiss"]
[EventCountry "UAE"]
[SourceTitle "playchess.com"]
[Source "ChessBase"]
[SourceQuality "1"]

{[%evp 11,164,18,17,6,23,3,10,21,11,0,10,8,9,9,9,6,6,18,14,-6,0,0,8,0,0,0,14,0,0,-2,23,7,59,60,63,66,52,60,64,56,76,55,47,42,42,52,45,33,66,45,42,42,38,25,36,7,7,7,7,7,10,14,18,6,6,0,22,17,29,20,19,12,74,81,81,74,62,62,68,32,62,62,70,62,62,0,62,67,68,77,162,14,15,14,93,96,94,98,97,97,103,89,78,66,65,52,59,7,4,0,0,0,0,0,0,0,0,0,0,0,0,0,0,0,0,0,0,0,0,0,0,0,0,0,0,-8,-8,-8,0,0,0,-8,-8,-8,-8,-8,-8,-8,-8,-8,-8,-8,0,-8,0]} 1. Nf3 d5 2. c4 d4 3. b4 g6 4. d3 Bg7 5. g3 b6 (5... e5 6. Nbd2 Ne7 7. Bg2 O-O 8. O-O h6 9. a4 a5 10. b5 c5 11. bxc6 Nexc6 12. Ba3 Nb4 13. Ne1 N8a6 14. Nc2 Re8 15. Bxb4 axb4 16. Nb3 {½-½ (70) Kramnik,V (2777)-Andreikin,D (2720) Baku 2015}) 6. Bg2 {A09: Réti Opening: 1 Nf3 d5 2 c4} Bb7 {LiveBook: 3 Games} 7. Nbd2 $146 ({Find the theoretical novelty and annotate with similar games:} 7. O-O e5 8. e3 dxe3 9. fxe3 Nh6 10. Nc3 O-O 11. Rb1 Na6 12. Qe2 Re8 {½-½ (35) Sandstroem,L (2402)-Toropov,M (2401) ICCF email 2014}) 7... Nf6 8. Nb3 {White has an edge.} e5 9. O-O Nbd7 10. a4 c5 11. a5 cxb4 12. Bd2 O-O 13. Bxb4 Re8 14. Qc2 Qc7 15. Rfc1 Bh6 16. Rcb1 Nd5 17. Be1 N5f6 18. Bb4 Nd5 19. Be1 N5f6 20. Bb4 Nb8 21. Qb2 Nfd7 (21... Na6 $11 22. Bd2 Bxd2 23. Nbxd2 Nc5) 22. axb6 $14 axb6 23. Rxa8 Bxa8 24. Qa3 Bc6 25. Bd6 Qc8 26. c5 bxc5 $1 27. Nxc5 Bf8 $1 {[%cal Rf8d6]} 28. Bxf8 Nxf8 29. h4 Kg7 30. Qa7 Nbd7 31. Rc1 Qa8 32. Qc7 {aiming for Nxd7.} Qa3 33. Ne6+ Rxe6 34. Rxc6 Rxc6 35. Qxc6 Qe7 36. Bh3 Nf6 37. Nd2 Qb4 $132 {[%mdl 2048] Black puts up resistance} 38. Nf3 Qe7 39. Kg2 h5 40. Nd2 N8d7 41. Qb7 Ng4 (41... Qd8 $1 $11 {remains equal.}) 42. Nc4 $16 Qe8 43. Qc6 Qe7 44. Qc7 Qe8 45. Qb7 Kf8 46. Qd5 Qe7 47. Qa8+ Kg7 48. Qb7 ({White should try} 48. Qa7 $14) 48... Kf8 (48... Qe8 $1 $11) 49. Kg1 Qe8 50. Nd6 Qe6 {[#]} (50... Qd8 $16) 51. Qc8+ ({Only move:} 51. Qa8+ $1 $18 Kg7 52. Ne8+ Kh7 53. f3) 51... Ke7 $1 $11 52. Nc4 f5 (52... e4 $1 $11) 53. Qb7 $16 Ngf6 54. Bg2 e4 55. Qb4+ Kd8 56. Qa5+ Ke7 57. Qa3+ Kf7 58. Qa1 Qd5 59. Qa7 (59. Qa4 $14) 59... Kg7 {The position is equal.} 60. Qa3 Qc5 61. Qxc5 Nxc5 $11 {[%mdl 4096] Endgame KBN-KNN} 62. Ne5 Ng4 63. Nc6 exd3 64. exd3 Nxd3 65. f3 Ne3 {[#] ...f4 is the strong threat.} 66. Nxd4 f4 67. Bf1 Nxf1 68. Kxf1 fxg3 {White must now prevent ...Nf4. KN-KN} 69. Kg2 Kf6 {And now ...Ke5 would win.} 70. Kxg3 Ke5 71. Nc6+ Kd6 72. Nd4 Kd5 73. Nc2 Ke5 74. Ne3 Nb4 75. Nc4+ Kd5 76. Kf4 Kxc4 {KN-KPP} 77. Kg5 Kd5 78. Kxg6 Ke6 79. Kxh5 Kf5 80. Kh6 Kf6 81. Kh5 Kf5 82. Kh6 Kf6 {Precision: White = 61%, Black = 55%.} 1/2-1/2

[Event "2nd Sharjah Masters 2018"]
[Site "Sharjah"]
[Date "2018.04.19"]
[Round "9"]
[White "Jumabayev, Rinat"]
[Black "Tabatabaei, M amin"]
[Result "1-0"]
[WhiteElo "2612"]
[BlackElo "2605"]
[Annotator "TA"]
[PlyCount "103"]
[EventDate "2018.??.??"]
[EventType "swiss"]
[EventCountry "UAE"]
[SourceTitle "playchess.com"]
[Source "ChessBase"]
[SourceQuality "1"]

{[%evp 19,103,9,7,9,57,58,64,56,56,56,49,39,40,44,72,27,36,20,14,-5,12,16,16,10,47,22,47,40,53,48,56,56,46,42,43,61,86,73,112,112,107,65,116,101,148,139,142,116,192,29,51,14,200,218,397,397,397,397,457,441,433,425,262,345,432,425,395,383,1213,1047,1882,1145,1485,1381,29962,29966,29966,29966,29966,29957,4998,4983,4976,4973,4662,4618]} 1. d4 d5 2. c4 e6 3. Nc3 Nf6 4. cxd5 Nxd5 5. e4 Nxc3 6. bxc3 c5 7. Rb1 Be7 {D35: Queen's Gambit Declined: Exchange Variation} 8. Bb5+ Bd7 9. Bd3 cxd4 10. cxd4 Nc6 {LiveBook: 3 Games} 11. Nf3 (11. Be2 Rc8 12. Nf3 Qa5+ 13. Bd2 Bb4 14. Rb2 Bxd2+ 15. Qxd2 Qxd2+ 16. Kxd2 {1-0 (64) Mamedyarov,S (2809)-Kramnik,V (2800) Berlin 2018}) 11... Qa5+ $146 ({Predecessor:} 11... Nb4 12. O-O Bc6 13. Bc4 b5 14. Ne5 bxc4 15. Rxb4 Bxe4 {½-½ (31) Naroditsky,D (2626)-Shimanov,A (2646) Saint Louis 2017}) 12. Bd2 Bb4 13. d5 exd5 14. exd5 Bxd2+ 15. Qxd2 ({Much worse is} 15. Nxd2 Qxd5 16. Be4 Qxa2 $15) 15... Qxd5 16. O-O Be6 $1 17. Ng5 Rd8 18. Rbd1 O-O {[#] Threatens to win with ...Bf5.} 19. Bxh7+ Kh8 20. Qc1 Nd4 21. Kh1 Qc4 ({Don't play} 21... Qxa2 $6 22. Qf4 $18) 22. Qe3 {Hoping for Bd3.} Qe2 23. Be4 Qxe3 24. fxe3 Nc6 25. Nxe6 fxe6 26. Rxf8+ Rxf8 $14 {[%mdl 4096] Endgame KRB-KRN} 27. h4 Rd8 28. Rb1 Rd7 29. Kh2 Kg8 30. Kg3 Kf7 (30... Na5 $14) 31. Kf4 $16 Na5 {[#]} 32. g4 $1 Rd2 33. a3 Rf2+ (33... Ra2 $16) 34. Bf3 $2 ({Only move:} 34. Kg5 $18) 34... Ke7 35. h5 e5+ $2 (35... b6 $1 $11 {and Black stays safe.}) 36. Kg3 $18 Ra2 $2 (36... Rd2 {keeps fighting.} 37. Rb5 Nc4) 37. Rb5 Rxa3 38. Rxe5+ Kf6 39. Rf5+ Ke7 40. Rg5 Kf8 41. Rc5 b5 42. Rxb5 Nc4 43. Kf4 Nxe3 $2 (43... Nb6 44. g5 Rd3) 44. g5 {[%cal Bg4g5,Bg5h6,Bh6h7][%mdl 32]} Rc3 45. Rb8+ Kf7 46. Rb7+ Kf8 47. Be4 Nc4 48. h6 gxh6 49. gxh6 Rh3 50. Rb8+ {White is clearly winning.} Kf7 51. h7 Rh4+ 52. Kg3 {Precision: White = 72%, Black = 39%.} 1-0

[Event "2nd Sharjah Masters 2018"]
[Site "Sharjah"]
[Date "2018.04.19"]
[Round "9"]
[White "Firouzja, Alireza"]
[Black "Grandelius, Nils"]
[Result "1/2-1/2"]
[WhiteElo "2572"]
[BlackElo "2652"]
[Annotator "TA"]
[PlyCount "218"]
[EventDate "2018.??.??"]
[EventType "swiss"]
[EventCountry "UAE"]
[SourceTitle "playchess.com"]
[Source "ChessBase"]
[SourceQuality "1"]

{[%evp 17,217,42,58,30,45,43,32,3,8,0,0,0,0,0,0,0,19,0,0,-14,8,-97,-95,-112,-111,-125,-110,-107,-34,-41,-16,-32,-40,-37,-12,-22,-21,-4,0,0,0,0,0,-27,-35,-41,-40,-33,-14,-37,-29,-31,-37,-64,-75,-52,0,0,-4,0,26,0,0,0,0,0,0,0,0,0,0,0,0,0,0,0,0,0,0,0,0,0,0,-47,-36,-39,-4,-12,-12,-13,-6,-14,-6,-114,-61,-58,-21,-96,-89,-128,-129,-167,-166,-166,-165,-164,-161,-164,-126,-127,-124,-110,-115,-104,-100,-98,-95,-96,0,-103,-77,-81,-69,-70,-70,-78,-69,-83,-71,-223,-224,-212,-47,-230,-225,-251,-229,-249,-225,-340,-364,-570,-481,-1202,-1240,-1069,-1208,-719,-1156,-1103,-1118,-1053,-1088,-1062,-895,-612,-570,-664,-837,-828,-730,-796,-785,-679,-561,-641,-619,-456,0,-415,0,0,0,-424,-205,-192,0,0,0,0,0,-23,0,0,0,0,0,0,0,0,0,0,0,0,0,0,0,0,0,0,0,0]} 1. e4 c5 2. Nf3 d6 3. d4 cxd4 4. Nxd4 Nf6 5. Nc3 a6 6. Be3 e6 7. Qd2 Qc7 8. f3 h5 {B80: Sicilian Scheveningen: 6 g3 and 6 Be3, including English Attack} 9. Be2 Nbd7 {LiveBook: 3 Games} 10. a4 b6 {White has an edge.} 11. O-O Be7 $146 ({Predecessor:} 11... Bb7 12. Rfd1 Be7 13. a5 O-O 14. axb6 Nxb6 15. Nb3 {1-0 (32) Preotu,R (2495)-Arnold,M (2524) chess.com INT 2017}) 12. Rfd1 O-O 13. Kh1 Bb7 14. Bg5 Rfe8 15. Qe1 Rac8 16. Qf1 Nb8 17. Rac1 Red8 18. Bh4 d5 {[%cal Rd5e4]} 19. e5 (19. Bg3 $11 {keeps the balance.} Bd6 20. Bxd6 Qxd6 21. exd5 Nxd5 22. Nxd5 Qxd5 23. c3) 19... Qxe5 $17 20. Bg3 Qg5 $1 21. f4 Qh6 $1 22. f5 e5 (22... Nfd7 $1 $17 23. fxe6 fxe6) 23. Bxe5 $15 Bd6 24. Bxd6 Rxd6 25. Rd3 Nbd7 26. Rh3 Nc5 27. Rd1 Re8 28. Bxh5 Nxh5 29. g4 Qg5 30. Rxh5 Qxg4 31. Qh3 Qxh3 32. Rxh3 Ne4 {Hoping for ...Nf2+.} 33. Rf1 Rc8 34. Nce2 a5 35. Nb5 d4 36. Kg1 Rxc2 (36... Rdd8 {is more complex.} 37. Nexd4 Rc4 38. c3 Rxa4 39. Re3 Ra2) 37. Nxd6 Nxd6 38. Re1 $1 f6 ({Avoid the trap} 38... Nxf5 $2 39. Nxd4 $1 {[%mdl 512]} Rg2+ 40. Kf1 $18) 39. Nf4 Kf7 40. Rh8 d3 41. Nxd3 Nxf5 42. Rd8 Bc6 43. Rc1 Rg2+ $1 44. Kf1 $1 Ne3+ 45. Ke1 Nc2+ 46. Kf1 Ne3+ 47. Ke1 Nc2+ 48. Kf1 Rxh2 49. Nf2 Bxa4 50. Kg1 Rh5 51. Ne4 Re5 52. Nc3 Bb3 53. Rb8 Rg5+ 54. Kf2 Nb4 {Threatens to win with ...Nd3+.} 55. Rd8 (55. Rb7+ $11 Kg6 56. Ke3) 55... Rf5+ (55... Bd5 $17 56. Ke3 Rg3+ 57. Kf4 Rf3+ 58. Kg4 Bc6) 56. Kg3 a4 57. Re1 (57. Rd7+ $11 {remains equal.} Kg6 58. Ne2 Rg5+ 59. Kf3) 57... Nc6 $17 58. Rd6 Ne5 59. Rxb6 Rg5+ 60. Kh3 Be6+ 61. Rxe6 Kxe6 62. Nxa4 $19 {[%mdl 4096] Endgame KRN-KRN} Rf5 63. b4 Rf3+ 64. Kg2 {aiming for Rxe5+!} Ra3 65. Nc5+ Kf5 66. Rb1 Ra2+ 67. Kg3 Ra3+ 68. Kg2 Nc4 69. b5 Nb6 70. Rf1+ Kg6 71. Re1 Rc3 72. Ne6 Rb3 73. Rc1 $2 (73. Ra1 $17) 73... Rxb5 74. Rc7 Kh6 $2 (74... Re5 $1 $19 {[%cal Re5e6]} 75. Nd8 Re8) 75. Rb7 $2 ({White has to play} 75. Rf7 $1 $15) 75... g6 {[%cal Bg7g6,Bg6g5][%mdl 32]} 76. Rb8 {[%cal Rb8h8]} g5 77. Kf3 Kg6 78. Rb7 (78. Nd4 $142 Rb4 79. Ke4) 78... Rb3+ 79. Ke4 (79. Kf2 $142) 79... Rb4+ 80. Kf3 (80. Nd4 $142 f5+ 81. Kd3) 80... Nd5 81. Ra7 Kf5 82. Ng7+ Ke5 83. Ra6 Rb6 84. Ra5 Rb7 85. Nh5 Rb3+ 86. Kf2 f5 87. Ra8 f4 88. Rg8 Kf5 89. Ng7+ Kg6 90. Ne8+ Kh5 $1 91. Ng7+ Kh4 {...Rb2+ is the strong threat.} 92. Nf5+ Kh5 93. Ng7+ $1 Kg6 $2 ({Black should try} 93... Kg4 $19 {White must now prevent ...Rb2+.} 94. Ne6 Rf3+ 95. Kg1 Rg3+ 96. Kf2 Kf5 97. Ng7+ Ke4 98. Re8+ Kd3) 94. Ne8+ $11 Kf5 95. Nd6+ $2 {[%mdl 8192]} (95. Ng7+ $1 $11 Kg6) 95... Kg4 (95... Ke6 $142 96. Ne4 Rb2+ 97. Ke1 g4 $1 {[%mdl 512]} 98. Nc5+ Kf5 99. Rf8+ Kg6 100. Rg8+ Kh5 101. Rh8+ Kg5 102. Ne4+ Kf5 103. Nd6+ Ke6 104. Rh6+ Ke7 105. Nf5+ Kf7 106. Nd6+ Kf8) 96. Nf7 $19 {[#]} Rb2+ $2 ({Black should play} 96... Nf6 $1 $19 {[%cal Rf6g8]} 97. Rxg5+ Kh4) 97. Kg1 $11 Rb1+ 98. Kf2 Rb2+ 99. Kg1 Ne3 100. Nxg5 {The position is equal.} Rg2+ 101. Kh1 Kf5 102. Rf8+ Kxg5 {KRN-KR} 103. Rg8+ Kf5 (103... Kf6 {feels hotter.} 104. Rxg2 Nxg2 105. Kxg2 Ke6 106. Kg1 Kd5) 104. Rxg2 Nxg2 105. Kxg2 {KP-K} Ke4 {[%cal Bf5e4,Be4e3,Be3f3][%mdl 32] Strongly threatening ...Ke3.} 106. Kf2 {[%cal Bg2f2,Bf2f1,Bf1e1][%mdl 32]} f3 (106... Kd3 $5) 107. Kf1 Ke3 {( -> ...f2)} (107... Kd3 $5) 108. Ke1 f2+ $2 {[%mdl 8192]} (108... Kf4 109. Kf2 Kg5) 109. Kf1 Kf3 {Precision: White = 58%, Black = 64%.} 1/2-1/2

[Event "2nd Sharjah Masters 2018"]
[Site "Sharjah"]
[Date "2018.04.19"]
[Round "9"]
[White "Narayanan S L"]
[Black "Yakubboev, Nodirbek"]
[Result "1/2-1/2"]
[WhiteElo "2568"]
[BlackElo "2482"]
[Annotator "TA"]
[PlyCount "70"]
[EventDate "2018.??.??"]
[EventType "swiss"]
[EventCountry "UAE"]
[SourceTitle "playchess.com"]
[Source "ChessBase"]
[SourceQuality "1"]

{[%evp 16,70,35,45,51,26,57,60,27,13,8,0,10,9,26,29,40,36,29,2,52,35,25,29,34,28,58,41,83,79,79,49,38,27,41,41,52,48,38,50,80,75,89,64,70,37,84,22,192,103,75,23,19,-62,18,-58,29]} 1. Nf3 b5 2. e4 Bb7 3. Bxb5 Bxe4 4. O-O Nf6 5. d4 {[%cal Bd2d4,Bd4d5,Bd5c6][%mdl 32]} e6 6. c4 Be7 {A40: Unusual replies to 1 d4} 7. Nc3 Bb7 8. Bf4 (8. Re1 O-O 9. a3 Bxf3 10. Qxf3 c6 {0-1 (66) Ehlvest,J (2524)-Andreikin,D (2743) Almaty 2016}) 8... O-O 9. d5 {LiveBook: 4 Games} Bb4 10. Rc1 $1 h6 $146 ({Predecessor:} 10... Bxc3 11. Rxc3 exd5 12. Nd4 Ne4 13. Rh3 Ng5 14. Rh4 {½-½ (61) Dvirnyy,D (2515)-Genocchio,D (2407) Boscotrecase 2014}) 11. Ne5 d6 12. Nc6 Nxc6 13. dxc6 Bc8 14. Be3 a6 {[#] aiming for ...Bxc3.} 15. Ba4 $1 Bxc3 16. Rxc3 e5 17. h3 d5 {White must now prevent ...d4.} 18. cxd5 Nxd5 19. Rd3 Nxe3 20. Rxe3 Rb8 21. Qe2 f6 22. Rd1 Qe7 23. Bb3+ Kh8 $1 24. Bd5 Rb6 25. b3 Be6 26. Qc4 $36 {[%mdl 2048] White fights for an advantage.} Bf5 27. Re2 a5 28. Qc3 Rb5 29. Qf3 Bc8 30. Red2 f5 31. Qe3 (31. Bc4 $16 e4 32. Qf4) 31... Qf6 $2 {[#]} (31... Rc5 $11 {and Black has nothing to worry.}) 32. Qa7 ({White should try} 32. Bc4 $18 f4 33. Qa7) 32... Qe7 $16 33. a4 (33. Bc4 $16 Rb6 34. Qxa5) 33... Rc5 $11 34. f3 (34. Bc4 $11 Rxc6 35. Qxa5) 34... Kh7 (34... e4 $15) 35. Kh1 (35. Bc4 $11 e4 36. Re2) 35... h5 {Precision: White = 45%, Black = 30%.} (35... e4 $1 $15 36. fxe4 f4) 1/2-1/2

[Event "2nd Sharjah Masters 2018"]
[Site "Sharjah"]
[Date "2018.04.19"]
[Round "9"]
[White "Petrosyan, Manuel"]
[Black "Iturrizaga Bonelli, Eduardo"]
[Result "0-1"]
[WhiteElo "2560"]
[BlackElo "2624"]
[Annotator "TA"]
[PlyCount "186"]
[EventDate "2018.??.??"]
[EventType "swiss"]
[EventCountry "UAE"]
[SourceTitle "playchess.com"]
[Source "ChessBase"]
[SourceQuality "1"]

{[%evp 15,186,25,21,12,16,0,0,0,0,0,0,0,0,0,0,0,0,0,0,0,0,0,0,0,0,0,0,0,0,0,12,10,8,0,24,17,100,32,71,48,54,51,48,0,0,0,0,0,10,-25,0,-38,-25,-154,-154,-154,-154,-154,-154,-154,-154,-154,-154,-288,-287,-283,-243,-241,-288,-279,-237,-229,-154,-139,0,-160,-156,-162,-80,-77,-8,-466,-253,-523,-424,-508,-219,-219,-212,-730,-717,-1473,-1393,-1347,-1082,-454,0,0,0,0,0,0,0,0,0,0,0,-10104,-1956,-29957,-29954,-29955,-29959,-29959,-29961,-29961,-29960,-29962,-29961,-29962,-29964,-29963,-29964,-29965,-29966,-29965,-29960,-29967,-29970,-29969,-29967,-29972,-29973,-29973,-29974,-29969,-29961,-29980,-29981,-29983,-29984,-29984,-29975,-29975,-29976,-29975,-29977,-29977,-29977,-29978,-29981,-29983,-29984,-29986,-29985,-29988,-29989,-29989,-29990,-29991,-29988,-29992,-29993,-29995,-29995,-29995,-29996,-29996,-29996,-29996,-29997,-29998,-29999]} 1. d4 Nf6 2. Nf3 b6 3. g3 Bb7 4. c4 c5 5. d5 b5 6. Bg2 g6 {A50: Queen's Fianchetto Defence (1 d4 Nf6 2 c4 b6)} 7. O-O bxc4 8. Nc3 d6 {LiveBook: 4 Games. White has an edge.} 9. e4 (9. Nd2 Nbd7 10. Nxc4 Bg7 11. Qc2 O-O 12. Bd2 Nb6 13. Na5 Bxd5 14. Nxd5 Nfxd5 {0-1 (52) Dziuba,M (2584)-Duda,J (2717) Katowice 2017}) 9... Nbd7 10. e5 dxe5 $146 ({Predecessor:} 10... Nxe5 11. Nxe5 dxe5 12. Qa4+ Qd7 13. Qxc4 Bg7 14. Qxc5 {0-1 (46) Sarana,A (2464)-Gordievsky,D (2596) Moscow 2017}) 11. Qa4 {And now Nxe5 would win.} e4 $1 {[%cal Re4f3]} 12. Ne5 Bg7 $1 13. Bh3 Bc8 14. Nc6 Qc7 {aiming for ...Nb6.} 15. Nb5 Qb7 16. Na5 Qb6 $1 17. d6 {[%cal Bd5d6,Bd6e7][%mdl 32]} O-O $1 18. dxe7 Re8 19. Nxc4 Qa6 20. Qb3 $36 {[%mdl 2048] Black must now prevent Nc7. White is more active.} Nb6 21. Bxc8 Raxc8 22. Ncd6 $1 {[%csl LRc8,LRe8,LRf7]} Rxe7 23. Nxc8 Qxc8 24. Bg5 c4 25. Qc2 Nbd5 (25... Qf5 $11 26. Bxf6 Bxf6) 26. Bxf6 ({White should try} 26. Rad1 $16) 26... Bxf6 27. Nd6 Qe6 28. Nxc4 Nb4 29. Qe2 (29. Qb3 $5 {[%cal Rb3b4]} Nd3 30. Rad1 $14) 29... Nd3 30. Ne3 Bxb2 31. Rab1 Bd4 32. Kg2 Rc7 {[%cal Be7c7,Bc7c5,Bc5c2][%mdl 32]} 33. Rfd1 (33. Nc2 {looks sharper.} Nf4+ 34. gxf4 Rxc2 35. Rb8+ Kg7 36. Qxc2 Qg4+ 37. Kh1) 33... Rc5 (33... Kg7 {feels hotter.} 34. Rd2 Rd7 35. Rc2 f5 36. Kh1 h5) 34. Rxd3 (34. Rb8+ $11 {keeps the balance.} Kg7 35. Qd2) 34... exd3 $17 35. Qxd3 Bxe3 $1 36. Qxe3 Qxe3 37. fxe3 $11 {[%mdl 4096] Endgame KR-KR} Rc2+ 38. Kf3 Rxh2 39. a4 (39. a3 $17) 39... Ra2 $19 40. Rb4 h5 41. g4 hxg4+ $1 42. Kxg4 Kg7 43. Rc4 Rg2+ 44. Kf3 Ra2 (44... Rg5 $1 $17 45. Rd4 Ra5) 45. e4 $2 ({Only move:} 45. Kg4 $1 $11) 45... a5 $1 $17 46. e5 Ra1 (46... Kf8 $1 $19 {and Black stays clearly on top.} 47. Ke4 Kg7) 47. Ke4 g5 (47... Ra3 $17 48. Kf4 Kh6) 48. Kd5 $2 {[%mdl 8192]} (48. Kf5 $11) 48... Rd1+ (48... Rf1 $142 49. Rc5 Rf4 50. Rxa5 g4) 49. Kc6 $2 (49. Ke4 {was forced.} Re1+ 50. Kd5) 49... Re1 50. Rc5 Kg6 (50... Re4 $142 51. Kb5 g4 52. Kxa5 g3) 51. Rxa5 $19 g4 {...g3 is the strong threat.} 52. Ra8 $2 (52. Rc5 g3 53. Rc3) 52... Rxe5 53. a5 Kg7 54. a6 Ra5 55. Kb6 {[#]} Ra2 $2 ({Better is} 55... Ra3 $1 $19 {Hoping for ...g3.} 56. Rd8 g3) 56. Rd8 $11 Rb2+ 57. Kc6 {Threatens to win with a7.} Rc2+ 58. Kb6 Rb2+ 59. Kc6 {Strongly threatening a7.} Ra2 60. Kb6 f5 61. a7 $2 {[%mdl 8192]} (61. Rd5 $11) 61... g3 $19 {[%cal Bg4g3,Bg3g2][%mdl 32]} 62. a8=Q Rxa8 {Black mates.} 63. Rxa8 {KR-KPP} g2 64. Ra1 {[#]} f4 $1 {[%cal Rf4f3]} 65. Kc5 f3 66. Rg1 Kf6 67. Kd4 f2 68. Rxg2 f1=Q {KQ-KR} 69. Rd2 Kf5 70. Rd3 Qa1+ 71. Rc3 Kf4 72. Kd3 Qd1+ 73. Kc4 Ke4 74. Kb4 Qd2 75. Kb3 Qd5+ 76. Kb2 Kd4 77. Rc2 Qb5+ 78. Kc1 Qb3 79. Rd2+ Ke3 80. Re2+ Kf3 81. Rc2 Qa4 82. Rc3+ Ke2 83. Kb2 Kd2 84. Rb3 Qd4+ 85. Kb1 Qe5 86. Rb2+ Kc3 87. Ka2 Qa5+ 88. Kb1 Qa4 89. Rb6 Qd1+ 90. Ka2 Qd5+ 91. Kb1 Qh1+ 92. Ka2 Qg2+ 93. Ka3 Qa8+ {Precision: White = 33%, Black = 61%.} 0-1

[Event "2nd Sharjah Masters 2018"]
[Site "Sharjah"]
[Date "2018.04.19"]
[Round "9"]
[White "Abdusattorov, Nodirbek"]
[Black "Sindarov, Javokhir"]
[Result "1-0"]
[WhiteElo "2540"]
[BlackElo "2431"]
[Annotator "TA"]
[PlyCount "113"]
[EventDate "2018.??.??"]
[EventType "swiss"]
[EventCountry "UAE"]
[SourceTitle "playchess.com"]
[Source "ChessBase"]
[SourceQuality "1"]

{[%evp 20,113,30,27,33,30,71,11,27,19,28,28,27,16,32,36,33,32,32,28,39,16,37,22,10,0,0,0,0,0,0,0,35,35,35,41,63,64,59,44,43,35,71,71,194,194,193,189,211,155,259,256,277,247,265,249,283,271,275,270,304,305,371,281,362,324,439,257,257,245,251,241,243,241,243,236,227,229,233,141,142,142,234,141,230,209,376,379,519,494,525,379,534,518,609,586]} 1. e4 d6 2. d4 g6 3. Nc3 Bg7 4. f4 Nf6 5. Nf3 O-O 6. Bd3 Nc6 7. O-O Bg4 8. e5 dxe5 9. dxe5 Nd5 10. Nxd5 Qxd5 11. h3 {LiveBook: 5 Games. B09: Pirc Defence: Austrian Attack} Be6 12. Qe1 f6 {[%cal Rf6e5] [#]} (12... Bf5 13. Bxf5 gxf5 14. Be3 f6 15. exf6 Bxf6 16. c3 Kh8 17. Rf2 Rg8 18. Qd2 Qe4 {½-½ (28) Leitao,R (2545)-Vescovi,G (2522) Sao Paulo 1999}) 13. Be4 $146 (13. b3 $1 $16) ({Predecessor:} 13. b3 fxe5 14. Ng5 exf4 15. Nxe6 Bxa1 16. Bc4 Qe5 17. Qh4 Kh8 18. Bxf4 Rxf4 19. Rxf4 {1-0 (19) Gohla,U-Oertel,H DESC email 2002}) 13... Qd7 $11 {[%cal Rf6e5]} 14. exf6 exf6 15. Bxc6 bxc6 16. Qf2 Bd5 17. Be3 Rfe8 18. b3 Bf8 19. Rad1 Qf5 20. Nd4 Qh5 $1 21. c4 Be4 22. Ne2 Qa5 $1 {[%cal Ra5a2]} 23. Nd4 Rad8 24. f5 gxf5 25. Qg3+ Kh8 26. Ne6 $1 Rxd1 27. Rxd1 Qc3 {Hoping for ...Bh6.} (27... Rxe6 $2 28. Rd8 $18) 28. Nxf8 $40 {[%mdl 128] White has some attack.} Rxf8 29. Qf2 $1 {Strongly threatening Bd4.} Qe5 $1 30. Bf4 Qe8 31. Rd2 (31. Qxa7 Bxg2 32. Qe3 Qh5 $15) 31... Qh5 (31... a6 $16 {keeps fighting.}) 32. Qxa7 $18 Rg8 33. Kh2 (33. Qxc7 Qxh3 34. Qg7+ Kxg7 $14) 33... Qd1 {...Qf1 is the strong threat.} 34. Qg1 ({Not} 34. Rxd1 Rxg2+ 35. Kh1 Rxa2+ 36. Kg1 Rxa7 $15) (34. Qxc7 $2 {[#]} Qxd2 $1 {[%mdl 512]} 35. Bxd2 Rxg2+ 36. Kh1 Rg7+ 37. Kh2 Rxc7 $19) 34... Qh5 (34... Qxg1+ $16 35. Kxg1 Kg7 36. Bxc7 Rc8) 35. a4 {[%cal Ba2a4,Ba4a5,Ba5a6,Ba6a7][%mdl 32]} ({But not} 35. Bxc7 $6 Qh6 $16) 35... Qf7 36. a5 Qe7 37. Qa1 Ra8 38. a6 c5 39. a7 Kg7 40. Qa5 Kg6 41. Ra2 Bb1 42. Ra1 Bc2 43. Qc3 (43. Bxc7 $142 Qe3 44. Bb8) 43... Be4 44. Ra5 Kf7 45. Ra2 Bb1 46. Ra1 Be4 47. Qe3 h5 48. Qe2 Kg6 49. Ra5 c6 50. Qa2 Qb7 (50... h4 $16 51. Ra6 Kf7) 51. Qa3 Qb6 (51... Qe7 $16 {was worth a try.} 52. h4 Kf7) 52. Bd6 Kh7 $2 (52... Kf7 53. Bxc5 Qc7+ 54. Bd6 Qb6) 53. Qxc5 Rg8 54. Ra2 ({Weaker is} 54. Qxb6 Rxg2+ 55. Kh1 Rg8+ 56. Kh2 Rg2+ 57. Kh1 Rg8+ 58. Kh2 Rg2+ $11) 54... Qb7 55. Qa5 Qa8 (55... Ra8 {might work better.} 56. Qc7+ Qxc7 57. Bxc7 Bb1) 56. Qc7+ Kg6 57. c5 {Precision: White = 63%, Black = 48%.} 1-0